Statistics for Avengers Endgame Quiz

Click here to take the quiz!

General Stats

  • This quiz has been taken 132 times
  • The average score is 11 of 14

Answer Stats

HintAnswer% Correct
Avengers who went to NYC to get space stoneIron Man/ Ant Man
99%
Avengers to went to Asgard to get reality stoneThor/Rocket
99%
Avengers who went to NYC to get mind stoneCaptain America
98%
Person other than Thor who used MjolnirCaptain America
98%
Avengers who went Vormir to get soul stoneHawkeye/ Black Widow
98%
Avenger who went to NYC to get time stoneHulk
96%
Who did old man Cap pass his shield ontoFalcon
92%
Name of Tony and Pepper's daughterMorgan
90%
Avengers who went to Morag to get power stoneWar Machine, Nebula
89%
Year movie takes place2023
79%
How the team time traveledQuantum realm
51%
Name of mission to get stonesTime Heist
44%
Total Runtime182 minutes
9%
How Thanos' army was defeatedNano Gauntlet
9%

Score Distribution

Percentile by Number Answered

Percent of People with Each Score

Your Score History

You have not taken this quiz